000 01412cam a22003494a 4500
001 13604008
003 NUST-PNEC
005 20170116180656.0
008 040524s2004 vaua 000 0 eng
010 _a 2004012195
020 _a1563475405
040 _aDLC
_cPNEC
_dDLC
042 _apcc
050 0 0 _aTL699.C57
_bB35 2004
082 0 0 _a629.134 BAK
100 _9232
_aBaker, Alan
245 0 0 _aComposite materials for aircraft structures
_c[edited by] Alan Baker, Stuart Dutton, Donald Kelly.
250 _a2nd ed.
260 _aReston, VA :
_bAmerican Institute of Aeronautics and Astronautics,
_cc2004.
300 _axx, 599 p. :
_bill. ;
_c24 cm.
490 1 _aEducation series
500 _aRev. ed. of: Composite materials for aircraft structures / edited by B.C. Hoskin and A.A. Baker. Includes Index http://www.amazon.com/Composite-Materials-Aircraft-Structures-Education/dp/1563475405/ref=sr_1_1?s=books&ie=UTF8&qid=1409389585&sr=1-1&keywords=1563475405
650 0 _aAirplanes
_xMaterials.
650 0 _aComposite materials.
_xME
700 1 _aBaker, A. A.
_q(Alan A.)
700 1 _aDutton, Stuart.
700 1 _aKelly, Donald
_q(Donald W.)
830 0 _aAIAA education series.
906 _a7
_bcbc
_corignew
_d1
_eecip
_f20
_gy-gencatlg
942 _2ddc
_cBK
999 _c60394
_d60394